000 01094nac a22002651u 4500
010 _a 96006430
020 _a0077078896 (pbk. : alk. paper)
082 0 0 _a338.094
_bJAC
090 _c8910
_d8910
100 _aJacobson, David,
245 1 0 _aIndustrial economics and organization :
_ba European perspective /
_cDavid Jacobson and Bernadette AndreÌ?osso-O'Callaghan.
260 _aLondon :
_bMcGraw-Hill,c1996.
_cc1996.
300 _aix, 367 p. ;
_c25 cm.
500 _aDistributer: Baccah.
504 _aIncludes bibliographical references (p. 326-354) and index.
511 _aCatalogued By: Mahitab.
650 0 _aIndustries
_zEuropean Union countries.
650 0 _aIndustrial policy
_zEuropean Union countries.
650 0 _aDeregulation
_zEuropean Union countries.
650 0 _aIndustrial location
_zEuropean Union countries.
650 0 _aIndustrial organization
_zEuropean Union countries.
650 0 _aIndustrial organization (Economic theory)
700 2 _aAndreeosso-O'Callaghan, Bernadette,
_d1959-
942 _cBB
_k338.094JAC
999 _c8910
_d8910